Física universitaria : (Record no. 5378)

MARC details
000 -LEADER
campo de control de longitud fija 03319nam a22003857a 4500
003 - IDENTIFICADOR DE NÚMERO DE CONTROL
campo de control BO-EaUP
005 - FECHA Y HORA DE LA ÚLTIMA TRANSACCIÓN
campo de control 20251119121231.0
008 - DATOS DE LONGITUD FIJA--INFORMACIÓN GENERAL
campo de control de longitud fija 251119t2018 mx ||||| |||| 00| 0 spa d
020 ## - NÚMERO INTERNACIONAL ESTÁNDAR DEL LIBRO
Número Internacional Estándar del Libro 978-607-32-4440-4
040 ## - FUENTE DE CATALOGACIÓN
Centro catalogador/agencia de origen Biblioteca IPE
Lengua de catalogación spa
Centro/agencia transcriptor Biblioteca Ingeniería en producción empresarial
Normas de descripción RDA
041 ## - CÓDIGO DE IDIOMA
Código de lengua del texto/banda sonora o título independiente spa
Código de lengua original eng
043 ## - CÓDIGO DE ÁREA GEOGRÁFICA
Código de área geográfica n-mx
082 ## - NÚMERO DE LA CLASIFICACIÓN DECIMAL DEWEY
Número de edición 21
Número de clasificación 539
092 ## - ASIGNACIÓN LOCAL DE SIGNATURA TOPOGRÁFICA DEWEY (OCLC)
Número de clasificación 539
Signatura Librística Y68f
100 ## - ENTRADA PRINCIPAL--NOMBRE DE PERSONA
Nombre de persona Young, Hugh D.
Término indicativo de función/relación Autor
9 (RLIN) 6081
242 ## - TÍTULO TRADUCIDO POR EL CENTRO/AGENCIA CATALOGADOR
Título Traducción de la edicion en ingles "University physics with modern phisics"
245 ## - MENCIÓN DEL TÍTULO
Título Física universitaria :
Subtítulo con Física moderna 2 /
Mención de responsabilidad, etc. Hugh D. Young
250 ## - MENCION DE EDICION
Mención de edición Primera edición
260 ## - PUBLICACIÓN, DISTRIBUCIÓN, ETC.
Lugar de publicación, distribución, etc. Mexico :
Nombre del editor, distribuidor, etc. Pearson ;
Fecha de publicación, distribución, etc. 2018
300 ## - DESCRIPCIÓN FÍSICA
Extensión 920 páginas ;
Otras características físicas Ilustraciones, figuras ; tapa blanda ;
Dimensiones 23 x16 centímetros .
Tamaño de la unidad mediano
336 ## - TIPO DE CONTENIDO
Fuente rdacontent
Término de tipo de contenido texto
Código de tipo de contenido txt
337 ## - TIPO DE MEDIO
Fuente rdamedia
Nombre/término del tipo de medio no mediado
Código del tipo de medio n
338 ## - TIPO DE SOPORTE
Nombre/término del tipo de soporte volumen
Código del tipo de soporte nc
505 ## - NOTA DE CONTENIDO CON FORMATO
Nota de contenido con formato MECÁNICA. - 1 Unidades, cantidades físicas y vectores, 2 Movimiento rectilíneo, 3 Movimiento en dos o en tres dimensiones, 4 Leyes de Newton del movimiento, 5 Aplicación de las leyes de Newton, 6. Trabajo y energía cinética, 7 Energía potencial y conservación de la energía, 8 Cantidad de movimiento, impulso y colisiones, 9 Rotación de cuerpos rígidos, 10 Dinámica del movimiento de rotación, 11 Equilibrio y elasticidad, 12 Mecánica de fluidos, 13 Gravitación, 14. Movimiento periódico. - ONDAS/ACÚSTICA - 15 Ondas mecánicas, 16 Sonido y oído. – TERMODINÁMICA - 17. Temperatura y calor, 18. Propiedades térmicas de la materia, 19 Primera ley de la termodinámica, 20La segunda ley de la termodinámica - ELECTROMAGNETISMO - 21 Carga eléctrica y campo eléctrico, 22. Ley de Gauss, 23 Potencial eléctrico, 24. Capacitancia y dieléctricos, 25. Corriente, resistencia y fuerza electromotriz, 26 Circuitos de corriente directa, 27. Campo magnético y fuerzas magnéticas, 28. Fuentes de campo magnético, 29 Inducción electromagnética, 30 Inductancia, 31 Corriente alterna, 32 Ondas electromagnéticas – ÓPTICA - 33. Naturaleza y propagación de la luz, 34 Óptica geométrica, 35. Interferencia, 36 Difracción - FÍSICA MODERNA - 37 Relatividad, 38. Fotones: ondas de luz que se comportan como partículas, 39 Partículas que se comportan como ondas, 40 Mecánica cuántica 1: Funciones de onda, 41 Mecánica cuántica II: Estructura atómica. 42. Moléculas y materia condensada, 43. Física nuclear, 44. Física de partículas y cosmología. /APÉNDICES<br/><br/>
520 ## - RESUMEN, ETC.
Sumario, etc. Desde su primera edición en inglés y en español, Física Universitaria de Sears y Zemansky ha sido famosa por su énfasis en los principios fundamentales y cómo aplicarlos. Este texto es conocido por su narrativa clara y completa y por su conjunto excepcionalmente amplio, profundo y reflexivo de los ejemplos presentados, herramientas clave para el desarrollo de la comprensión conceptual y las habilidades para resolver problemas.
521 ## - NOTA DE PÚBLICO DESTINATARIO
Nota de público destinatario Destinadas a crear el mejor recurso de aprendizaje para los actuales estudiantes de física.
546 ## - NOTA DE IDIOMA
Nota de lengua/lenguaje Español
653 ## - TÉRMINO DE INDIZACIÓN--NO CONTROLADO
Término no controlado MECÁNICA
653 ## - TÉRMINO DE INDIZACIÓN--NO CONTROLADO
Término no controlado ONDAS/ACÚSTICA
653 ## - TÉRMINO DE INDIZACIÓN--NO CONTROLADO
Término no controlado TERMODINÁMICA
653 ## - TÉRMINO DE INDIZACIÓN--NO CONTROLADO
Término no controlado ELECTROMAGNETISMO
653 ## - TÉRMINO DE INDIZACIÓN--NO CONTROLADO
Término no controlado FÍSICA MODERNA
700 ## - ENTRADA AGREGADA--NOMBRE PERSONAL
Nombre de persona Freedman, Roger A.
Término indicativo de función/relación Autor
9 (RLIN) 6082
942 ## - ELEMENTOS DE ENTRADA SECUNDARIOS (KOHA)
Fuente del sistema de clasificación o colocación Clasificación Decimal Dewey
Tipo de ítem Koha Libros
Suprimir en OPAC No
Holdings
Estatus retirado Estado de pérdida Fuente del sistema de clasificación o colocación Estado de daño No para préstamo Colección Biblioteca de origen Biblioteca actual Ubicación en estantería Fecha de adquisición Fuente de adquisición Número de inventario Total de préstamos Signatura topográfica completa Código de barras Visto por última vez Copia número Precio de reemplazo Tipo de ítem Koha
    Clasificación Decimal Dewey     Ciencias Naturales y Matemáticas Biblioteca Especializada de Ingenieria en Producción Empresarial Biblioteca Especializada de Ingenieria en Producción Empresarial FISICA 19/11/2025 Donación BEIPE022D   539/Y68f BEIPE022D 19/11/2025 ejm. 1 19/11/2025 Libros